000 00207 a2200109 4500
020 _a999243905x
041 _aspa
100 _aRoger Matuz Lazo
245 _aNuestra Ortografia
942 _cBK
952 _71
999 _c24273
_d24273